| 000 | 00377cam a2200157ua 4500 | ||
|---|---|---|---|
| 041 |
_aeng _h |
||
| 082 |
_a828.09 _bGRE/NO |
||
| 100 | _aGreenlecs, Ian . | ||
| 245 |
_aNorman Douglas / _cIan Greenlecs. _hTextual Documents |
||
| 250 |
_a1 / _b. |
||
| 260 |
_aLondon : _bLongman Green and Co , _c1957. |
||
| 300 | _a38 ; . | ||
| 504 | _a | ||
| 942 | _cBK | ||
| 999 |
_c6803 _d6803 |
||